000 00435nam a2200181Ia 4500
001 2528
005 20260306144813.0
008 260306t2010||||xx |||||||||||||| ||spa||
041 _aESP
082 _a616.8914
_bM86
100 _aMora Ripoll, Ramón
_eAUT
245 0 _aMedicina y terapia de la risa:
_bmanual
260 _c2010
300 _a178 páginas :
_c22 cm.
650 _aGEN
654 _aCPS
942 _cLIB
_dJUS
_fJUS
_2ddc
_n
999 _c2528
_d2528